000 00638nam a22001937a 4500
005 20241008125027.0
010 _aENG-141957
020 _c250.00
_a9789350578544
035 _aEN-125489
037 _bDBAD
082 _a658.4092
_21
100 _aChattopadhyay, Aparna
_972464
245 _aHow to Become a Good Manager/
_cBy Aparna Chattopadhyay
250 _a1
260 _aNew Delhi
_bV & S Publishers
_c2017
270 _bNew Delhi
_aF- 2/16 , Ansari road , Daryagang
_e110002
_k011-23240026
_k011-23240027
_l011-23240028
_minfo@vspublishers.com
300 _a128p.
_c22cm(pb)
942 _2ddc
_cEN
_h658.4092
_mCHA
999 _c206165
_d206165